[Event "Campodarsego op-B 17th"]
[Site "Campodarsego"]
[Date "2006.01.20"]
[Round "1"]
[White "Reginato, Sabrina"]
[Black "Vedovato, Rudi"]
[Result "1-0"]
[WhiteElo "1493"]
[BlackElo "1706"]
[PlyCount "73"]
[EventDate "2006.01.20"]
[EventType "swiss"]
[EventRounds "5"]
[EventCountry "ITA"]
[SourceTitle "EXT 2011"]
[Source "ChessBase"]
[SourceDate "2010.11.26"]
[SourceVersion "1"]
[SourceVersionDate "2010.11.26"]
[SourceQuality "1"]

1. e4 d5 2. exd5 Nf6 3. d4 Nxd5 4. c4 Nf6 5. Nc3 g6 6. Nf3 Bg7 7. Be2 0-0 8. 0-0 Nbd7 9. b3 c6 10. Bb2 b6 11. Qc2 Bb7 12. Rad1 Qc7 13. Rfe1 Rfe8 14. h3 Rad8 15. Bd3 Nh5 16. Be4 Ndf6 17. Qc1 Nxe4 18. Nxe4 Nf6 19. Nxf6+ Bxf6 20. Qh6 Bg7 21. Qh4 c5 22. Ng5 h5 23. g4 Qf4 24. Bc1 Qf6 25. gxh5 Rxd4 26. Rxd4 Qxd4 27. Bf4 gxh5 28. Qg3 e5 29. Kh2 f6 30. Nf3 Qd3 31. Rg1 Re7 32. Be3 Kf8 33. Bh6 Qxf3 34. Bxg7+ Rxg7 35. Qxg7+ Ke8 36. Qg8+ Kd7 37. Rg7+ 1-0

[Event "Alta Padovana op-B 5th"]
[Site "Loreggia"]
[Date "2005.02.27"]
[Round "5"]
[White "Vedovato, Rudi"]
[Black "Bufalo, Fabrizio"]
[Result "1/2-1/2"]
[WhiteElo "1691"]
[BlackElo "1596"]
[PlyCount "58"]
[EventDate "2005.02.25"]
[EventType "swiss"]
[EventRounds "5"]
[EventCountry "ITA"]
[SourceTitle "EXT 2024"]
[Source "ChessBase"]
[SourceDate "2023.10.10"]
[SourceVersion "1"]
[SourceVersionDate "2023.10.10"]
[SourceQuality "1"]

1. d4 d5 2. c4 dxc4 3. e4 Nf6 4. e5 Nd5 5. Bxc4 e6 6. Nf3 Be7 7. 0-0 0-0 8. Nc3 c6 9. a3 Nd7 10. Qc2 Qc7 11. Bd3 g6 12. Bh6 Re8 13. Qd2 Nxc3 14. bxc3 c5 15. Ng5 Bxg5 16. Bxg5 b6 17. Qf4 f5 18. Qh4 c4 19. Bc2 Nf8 20. Rfe1 Qf7 21. Re3 a6 22. Rh3 Ra7 23. Bd1 Bb7 24. a4 Bd5 25. Bf3 Rea8 26. Bxd5 exd5 27. Re1 Ne6 28. Bf6 b5 29. a5 Rb8 1/2-1/2

[Event "Alta Padovana op-B 5th"]
[Site "Loreggia"]
[Date "2005.02.26"]
[Round "3"]
[White "Pomaro, Stefano"]
[Black "Vedovato, Rudi"]
[Result "1/2-1/2"]
[WhiteElo "1723"]
[BlackElo "1691"]
[PlyCount "66"]
[EventDate "2005.02.25"]
[EventType "swiss"]
[EventRounds "5"]
[EventCountry "ITA"]
[SourceTitle "EXT 2024"]
[Source "ChessBase"]
[SourceDate "2023.10.10"]
[SourceVersion "1"]
[SourceVersionDate "2023.10.10"]
[SourceQuality "1"]

1. e4 d5 2. exd5 Nf6 3. c4 e6 4. Nc3 exd5 5. cxd5 Nxd5 6. Bc4 Nxc3 7. bxc3 Bd6 8. Qe2+ Qe7 9. d4 Qxe2+ 10. Nxe2 0-0 11. 0-0 Nc6 12. Bf4 Bxf4 13. Nxf4 Na5 14. Bd3 c6 15. Rfe1 Bd7 16. Re7 Rad8 17. Rae1 Rfe8 18. Kf1 Kf8 19. R7e5 b5 20. R1e3 g6 21. h4 h5 22. Rxe8+ Rxe8 23. Rxe8+ Bxe8 24. Ke2 Ke7 25. Ke3 Kd6 26. Nh3 Nc4+ 27. Bxc4 bxc4 28. Ng5 f6 29. Ne4+ Ke6 30. Nc5+ Kd5 31. Kf4 Bf7 32. Ne4 Ke6 33. Ke3 Be8 1/2-1/2

[Event "Alta Padovana op-B 5th"]
[Site "Loreggia"]
[Date "2005.02.26"]
[Round "2"]
[White "Vedovato, Rudi"]
[Black "Paris, Giorgio"]
[Result "1/2-1/2"]
[WhiteElo "1691"]
[BlackElo "1849"]
[PlyCount "62"]
[EventDate "2005.02.25"]
[EventType "swiss"]
[EventRounds "5"]
[EventCountry "ITA"]
[SourceTitle "EXT 2024"]
[Source "ChessBase"]
[SourceDate "2023.10.10"]
[SourceVersion "1"]
[SourceVersionDate "2023.10.10"]
[SourceQuality "1"]

1. d4 Nf6 2. c4 g6 3. Nc3 d5 4. Nf3 Bg7 5. e3 0-0 6. Bd3 c5 7. 0-0 dxc4 8. Bxc4 cxd4 9. Nxd4 Qc7 10. Qb3 a6 11. Rd1 e5 12. Nde2 Nc6 13. Nd5 Nxd5 14. Bxd5 Re8 15. e4 Be6 16. Be3 Rac8 17. Rac1 Bf8 18. Nc3 Na5 19. Qb6 Qxb6 20. Bxb6 Nc4 21. Bxc4 Rxc4 22. Nd5 Rec8 23. Be3 Kg7 24. f3 Rc2 25. Rxc2 Rxc2 26. Rd2 Rc6 27. a3 h6 28. Kf2 g5 29. g4 Rc4 30. Rd3 b5 31. Rc3 Rxc3 1/2-1/2